Efecto del grado de madurez y la temperatura de almacenaje en la conservación de las principales variedades de peras y manzanas
-д хадгалсан:
| Байгууллагын зохиогчид: | , |
|---|---|
| Формат: | Ном |
| Хэл сонгох: | испани |
| Хэвлэсэн: |
Santiago
CORFO
1973
|
| Цуврал: | Publicación Técnica, 7
|
| Нөхцлүүд: | |
| Шошгууд: |
Шошго нэмэх
Шошго байхгүй, Энэхүү баримтыг шошголох эхний хүн болох!
|
MARC
| LEADER | 00000nam a2200000 a 4500 | ||
|---|---|---|---|
| 001 | UCR6712 | ||
| 003 | CL-VaPUC | ||
| 008 | 980423e19730000CL |||||||||||||||||spa|d | ||
| 082 | 0 | 4 | |a 664.85 |b COR |2 21 |
| 110 | 2 | |a CORFO |e author |9 407732 | |
| 710 | 2 | |a ENAFRI |e author |9 407733 | |
| 245 | 1 | 0 | |a Efecto del grado de madurez y la temperatura de almacenaje en la conservación de las principales variedades de peras y manzanas |
| 300 | |a 194 p | ||
| 942 | |c BK | ||
| 945 | |d 19980423 00:00:00 |a crobeson | ||
| 260 | |a Santiago |b CORFO |c 1973 | ||
| 650 | 7 | |a PERAS |2 CL-VaPUC |9 264840 | |
| 650 | 7 | |a MANZANAS |2 CL-VaPUC |9 325516 | |
| 650 | 0 | |a Frutas |9 259500 | |
| 650 | 0 | |a Conservación de los alimentos |9 259337 | |
| 650 | 0 | |a Almacenamiento |9 341876 | |
| 650 | 0 | |a Refrigeración |9 259343 | |
| 650 | 7 | |a MADUREZ |2 CL-VaPUC |9 309002 | |
| 650 | 0 | |a Control de calidad |9 259714 | |
| 583 | |a last modification |c 19980423 00:00:00 |k Rodrigo Vera | ||
| 490 | 0 | |a Publicación Técnica, 7 | |
| 999 | |c 268641 |d 268639 | ||